000 00366nam a2200145Ia 4500
008 240719s9999 xx 000 0 und d
041 _aeng
082 _a340.115 HOE
100 _aHoecke, Mark Van
245 _aLaw As Communication
260 _aUSA
_bHart ( Oxford ),
_c2002
300 _a224;. P. 24 Cm
365 _cBPS
_b35
520 _aGifted By : IMT Faculty
999 _c41388
_d41388